The art of agile development / (Record no. 14807)
[ view plain ]
| 000 -LEADER | |
|---|---|
| fixed length control field | 01950cam a2200385 a 4500 |
| 001 - CONTROL NUMBER | |
| control field | 15742429 |
| 005 - DATE AND TIME OF LATEST TRANSACTION | |
| control field | 20091109081626.0 |
| 008 - FIXED-LENGTH DATA ELEMENTS--GENERAL INFORMATION | |
| fixed length control field | 090518s2008 caua g b 001 0 eng |
| 010 ## - LIBRARY OF CONGRESS CONTROL NUMBER | |
| LC control number | 2009278263 |
| 020 ## - INTERNATIONAL STANDARD BOOK NUMBER | |
| International Standard Book Number | 0596527675 |
| 020 ## - INTERNATIONAL STANDARD BOOK NUMBER | |
| International Standard Book Number | 9780596527679 |
| 035 ## - SYSTEM CONTROL NUMBER | |
| System control number | (OCoLC)ocn189657455 |
| 040 ## - CATALOGING SOURCE | |
| Original cataloging agency | PMS |
| Transcribing agency | PMS |
| Modifying agency | MOU |
| -- | DAY |
| -- | AU@ |
| -- | VP@ |
| -- | DLC |
| 042 ## - AUTHENTICATION CODE | |
| Authentication code | lccopycat |
| 050 00 - LIBRARY OF CONGRESS CALL NUMBER | |
| Classification number | QA76.76.D47 |
| Item number | S535 2008 |
| 082 04 - DEWEY DECIMAL CLASSIFICATION NUMBER | |
| Classification number | 005.74 |
| Edition number | 22 |
| Item number | SHO |
| 100 1# - MAIN ENTRY--PERSONAL NAME | |
| Personal name | Shore, James. |
| 9 (RLIN) | 20869 |
| 245 14 - TITLE STATEMENT | |
| Title | The art of agile development / |
| Statement of responsibility, etc | James Shore and Shane Warden. |
| 260 ## - PUBLICATION, DISTRIBUTION, ETC. (IMPRINT) | |
| Place of publication, distribution, etc | Beijing : |
| -- | Sebastopol, CA : |
| Name of publisher, distributor, etc | O'Reilly Media, Inc., |
| Date of publication, distribution, etc | 2008. |
| 300 ## - PHYSICAL DESCRIPTION | |
| Extent | xviii, 415 p. : |
| Other physical details | ill. ; |
| Dimensions | 24 cm. |
| 490 1# - Series Statement | |
| Series statement | Theory in practice |
| -- | 20870 |
| 504 ## - BIBLIOGRAPHY, ETC. NOTE | |
| Bibliography, etc | Includes bibliographical references and index. |
| 650 #0 - SUBJECT ADDED ENTRY--TOPICAL TERM | |
| Topical term or geographic name as entry element | Agile software development. |
| 9 (RLIN) | 20871 |
| 700 1# - ADDED ENTRY--PERSONAL NAME | |
| Personal name | Warden, Shane. |
| 9 (RLIN) | 20872 |
| 830 #0 - SERIES ADDED ENTRY--UNIFORM TITLE | |
| Uniform title | Theory in practice (Sebastopol, Calif.) |
| 9 (RLIN) | 20873 |
| 856 42 - ELECTRONIC LOCATION AND ACCESS | |
| Materials specified | Contributor biographical information |
| Uniform Resource Identifier | <a href="http://www.loc.gov/catdir/enhancements/fy0912/2009278263-b.html">http://www.loc.gov/catdir/enhancements/fy0912/2009278263-b.html</a> |
| 856 42 - ELECTRONIC LOCATION AND ACCESS | |
| Materials specified | Publisher description |
| Uniform Resource Identifier | <a href="http://www.loc.gov/catdir/enhancements/fy0915/2009278263-d.html">http://www.loc.gov/catdir/enhancements/fy0915/2009278263-d.html</a> |
| 856 41 - ELECTRONIC LOCATION AND ACCESS | |
| Materials specified | Table of contents only |
| Uniform Resource Identifier | <a href="http://www.loc.gov/catdir/enhancements/fy1001/2009278263-t.html">http://www.loc.gov/catdir/enhancements/fy1001/2009278263-t.html</a> |
| 906 ## - LOCAL DATA ELEMENT F, LDF (RLIN) | |
| a | 7 |
| b | cbc |
| c | copycat |
| d | 2 |
| e | ncip |
| f | 20 |
| g | y-gencatlg |
| 942 ## - ADDED ENTRY ELEMENTS (KOHA) | |
| Source of classification or shelving scheme | Dewey Decimal Classification |
| Item type | Book - Borrowing |
| Withdrawn status | Item status | Source of classification or shelving scheme | Damaged status | Not for loan | Vendor | Home library | Current library | Shelving location | Date acquired | Source of acquisition | Total Checkouts | Total Renewals | Full call number | Barcode | Date last seen | Date last borrowed | Koha item type |
|---|---|---|---|---|---|---|---|---|---|---|---|---|---|---|---|---|---|
| Dewey Decimal Classification | Baccah | Central Library | Central Library | Lower Floor | 02/11/2010 | 3 | 3 | 005.74 SHO | 000022478 | 15/07/2025 | 07/10/2023 | Book - Borrowing | |||||
| Dewey Decimal Classification | Baccah | Central Library | Central Library | Lower Floor | 02/11/2010 | 1 | 1 | 005.74 SHO | 000022477 | 15/07/2025 | 25/11/2010 | Book - Borrowing | |||||
| Dewey Decimal Classification | Baccah | Central Library | Central Library | Lower Floor | 02/11/2010 | 005.74 SHO | 000022476 | 15/07/2025 | NB - Book (Non borrowing) |